Central Library || Chittagong University

Outlines of Islamic culture./ (Record no. 109118)

MARC details
000 -LEADER
fixed length control field 00474nam a22001697a 4500
003 - CONTROL NUMBER IDENTIFIER
control field BD-ChCU
005 - DATE AND TIME OF LATEST TRANSACTION
control field 20251105090651.0
008 - FIXED-LENGTH DATA ELEMENTS--GENERAL INFORMATION
fixed length control field 251105b bg ||||| |||| 00| 0 ben d
040 ## - CATALOGING SOURCE
Transcribing agency BD-ChCU
082 ## - DEWEY DECIMAL CLASSIFICATION NUMBER
Classification number 297.909 SHO
100 ## - MAIN ENTRY--PERSONAL NAME
Personal name Shushtery , A.M.A.
9 (RLIN) 15455
245 ## - TITLE STATEMENT
Title Outlines of Islamic culture./
Statement of responsibility, etc. A.M.A. Shushtery.
260 ## - PUBLICATION, DISTRIBUTION, ETC.
Place of publication, distribution, etc. Lahore
Name of publisher, distributor, etc. Sh. Mohammad Ashraf
Date of publication, distribution, etc. 1966
300 ## - PHYSICAL DESCRIPTION
Extent 14 , 571p
650 #0 - SUBJECT ADDED ENTRY--TOPICAL TERM
Topical term or geographic name entry element Islam - Social Life & Customs
9 (RLIN) 15457
942 ## - ADDED ENTRY ELEMENTS (KOHA)
Source of classification or shelving scheme Dewey Decimal Classification
Koha item type Books
Suppress in OPAC No
Holdings
Withdrawn status Lost status Source of classification or shelving scheme Damaged status Not for loan Home library Current library Shelving location Date acquired Source of acquisition Total Checkouts Full call number Barcode Date last seen Copy number Price effective from Koha item type
    Dewey Decimal Classification     Chittagong University Library Chittagong University Library Arts and Humanities Reading Room 11/05/2025 Purchase   297.909 SHO 2550 11/05/2025 C-1 11/05/2025 Books
    Dewey Decimal Classification     Chittagong University Library Chittagong University Library Arts and Humanities Reading Room 11/05/2025 Purchase   297.909 SHO 10596 11/05/2025 C-2 11/05/2025 Books
    Dewey Decimal Classification     Chittagong University Library Chittagong University Library Arts and Humanities Reading Room 11/05/2025 Purchase   297.909 SHO 10597 11/05/2025 C-3 11/05/2025 Books
    Dewey Decimal Classification     Chittagong University Library Chittagong University Library Arts and Humanities Reading Room 11/05/2025 Purchase   297.909 SHO 10598 11/05/2025 C-4 11/05/2025 Books
    Dewey Decimal Classification     Chittagong University Library Chittagong University Library Arts and Humanities Reading Room 11/05/2025 Purchase   297.909 SHO 25605 11/05/2025 C-6 11/05/2025 Books
    Dewey Decimal Classification     Chittagong University Library Chittagong University Library Arts and Humanities Reading Room 11/05/2025 Purchase   297.909 31234 11/05/2025 C-7 11/05/2025 Books
    Dewey Decimal Classification     Chittagong University Library Chittagong University Library Arts and Humanities Reading Room 11/05/2025 Purchase   297.909 SHO 31235 11/05/2025 C-8 11/05/2025 Books
    Dewey Decimal Classification     Chittagong University Library Islamic History and Culture Seminar Library Arts and Humanities Reading Room 11/05/2025 Purchase   297.909 SHO 12809 11/05/2025 C-5 11/05/2025 Books
© Copyright 2025. Chittagong University Library, Installation and Maintenance by Prof. Dr. Md. Alamgir, 01711306253